000 01220nam a2200325 4500
001 0000016566
003 CO-CtgCURN
005 20250520165149.0
007 ta
008 160627s1982 000 0 eng d
020 _a9684261888
040 _aCO-CtgCURN
_bspa
_ccoctgcurn
082 0 _a617
_bD85d
100 1 _aDunphy, J. Englebert.
245 1 0 _aDiagnóstico y tratamiento quirúrgicos /
_cJ. Englebert Dunphy y Lawrence W. Way , Laurel V. Schaubert , traducido por Felix García Roig y Pedro Wolfgang Velasco Ortega.
250 _a3a ed.
260 _aMexico :
_bManual Moderno,
_c1982.
300 _a1165 p.
336 _2rdacontent
337 _2rdamedia
_asin mediacion
_bn
338 _2rdacarrier
_avolumen
_bnc
490 1 _aIncluye Apendice
504 _aReferencias bibliograficas (p. 1079-1122)
505 8 _aCicatrizacion de heridas.--Higado.--Corazon.--Cuidado preoperatorio.--Cuidado postoperatorio.--Choque.--Trasplante de organos.--Bazo.--Arterias.--Cavidad peritoneal
650 1 4 _aCirugia
_vTratamiento operatorio.
700 1 _aWay, Lawrence W.
908 _a160627
942 _cBK
_h617
_iD85d
_2ddc
_n0
999 _c23088
_d23088